|
|
|
|
| LEADER |
03568nam a22004097a 4500 |
| 001 |
30999 |
| 003 |
BD-DhAAL |
| 005 |
20251005161833.0 |
| 008 |
160529r20222015bg 000 1 eng |
| 010 |
|
|
|a 2005319044
|
| 020 |
|
|
|a 9789848715154
|
| 020 |
|
|
|a 9843225465
|
| 025 |
|
|
|a B-E-2005-319044; 08
|
| 040 |
|
|
|a DLC
|c DLC
|d BD-DhAAL
|
| 041 |
1 |
|
|a eng
|h ben
|
| 050 |
0 |
0 |
|a MLCS 2006/01206 (P)
|a PK1728.O95
|
| 082 |
|
|
|a 823.095492
|2 23
|
| 100 |
1 |
|
|a Waliullah, Syed,
|d 1922-1971.
|9 19621
|
| 240 |
1 |
0 |
|a Lalasalu.
|l English
|
| 245 |
1 |
0 |
|a Tree without roots /
|c Syed Waliullah ; edited by Niaz Zaman with an introduction by Serajul Islam Choudhury.
|
| 250 |
|
|
|a Second revised edition.
|
| 260 |
|
|
|a Dhaka :
|b Writers.ink :
|b The University Press Ltd.,
|c 2015 [reprint 2022].
|
| 300 |
|
|
|a xiii, 136 pages,
|a xiii, 156 pages ;
|c 22 cm.
|
| 500 |
|
|
|a Fiction.
First edition 2005
|
| 526 |
|
|
|a ENH
RS (GenEd)
|x Tahseen H. Ali, PhD
Assistant Professor and Assistant Dean, RS
School of General Education
BRAC University
Course Name : Emergence of Bangladesh (EMB 101)
|
| 541 |
|
|
|e 31999, 31000, 44883, 44884, 44885, 44886, 44887
|
| 650 |
|
|
|a Bangladeshi fiction (English).
|9 19619
|
| 700 |
1 |
|
|a Zaman, Niaz.
|9 19620
|
| 942 |
|
|
|2 ddc
|c BK
|
| 999 |
|
|
|c 37578
|d 37578
|
| 952 |
|
|
|0 0
|1 0
|2 ddc
|4 0
|6 823_095492000000000_WAL
|7 0
|9 59065
|a BRACUL
|b BRACUL
|c GEN
|d 2016-05-29
|e Writers Ink
|g 400.00
|l 4
|m 44
|o 823.095492 WAL
|p 3010030999
|r 2024-05-13
|s 2024-04-04
|t 1
|w 2016-05-29
|y BK
|
| 952 |
|
|
|0 0
|1 0
|2 ddc
|4 0
|6 823_095492000000000_WAL
|7 0
|9 59066
|a BRACUL
|b BRACUL
|c GEN
|d 2016-05-29
|e Writers Ink
|g 400.00
|l 3
|m 8
|o 823.095492 WAL
|p 3010031000
|r 2024-05-28
|s 2024-04-30
|t 2
|w 2016-05-29
|y BK
|
| 952 |
|
|
|0 0
|1 0
|2 ddc
|4 0
|6 823_095492000000000_WAL
|7 0
|9 78287
|a SCL
|b SCL
|c GEN
|d 2025-09-23
|e Hye Trade International
|g 392.00
|l 0
|o 823.095492 WAL
|p 3020044886
|r 2025-09-23
|t 6
|v 784.00
|w 2025-09-23
|y BK
|x Requisitioned by Tahseen H. Ali, PhD (Assistant Professor and Assistant Dean, RS School of General Education, BRAC University) for the course named- "Emergence of Bangladesh (EMB 101)"
|
| 952 |
|
|
|0 0
|1 0
|2 ddc
|4 0
|6 823_095492000000000_WAL
|7 0
|9 78288
|a SCL
|b SCL
|c GEN
|d 2025-09-23
|e Hye Trade International
|g 392.00
|l 0
|o 823.095492 WAL
|p 3020044887
|r 2025-09-23
|t 7
|v 784.00
|w 2025-09-23
|y BK
|x Requisitioned by Tahseen H. Ali, PhD (Assistant Professor and Assistant Dean, RS School of General Education, BRAC University) for the course named- "Emergence of Bangladesh (EMB 101)"
|
| 952 |
|
|
|0 0
|1 0
|2 ddc
|4 0
|6 823_095492000000000_WAL
|7 0
|9 78289
|a SCL
|b SCL
|c GEN
|d 2025-09-23
|e Hye Trade International
|g 392.00
|l 1
|m 1
|o 823.095492 WAL
|p 3020044884
|r 2025-11-16
|s 2025-11-02
|t 4
|v 784.00
|w 2025-09-23
|y BK
|x Requisitioned by Tahseen H. Ali, PhD (Assistant Professor and Assistant Dean, RS School of General Education, BRAC University) for the course named- "Emergence of Bangladesh (EMB 101)"
|
| 952 |
|
|
|0 0
|1 0
|2 ddc
|4 0
|6 823_095492000000000_WAL
|7 0
|9 78290
|a SCL
|b SCL
|c GEN
|d 2025-09-23
|e Hye Trade International
|g 392.00
|l 1
|o 823.095492 WAL
|p 3020044883
|r 2025-12-16
|s 2025-11-01
|t 3
|v 784.00
|w 2025-09-23
|y BK
|x Requisitioned by Tahseen H. Ali, PhD (Assistant Professor and Assistant Dean, RS School of General Education, BRAC University) for the course named- "Emergence of Bangladesh (EMB 101)"
|
| 952 |
|
|
|0 0
|1 0
|2 ddc
|4 0
|6 823_095492000000000_WAL
|7 0
|9 78291
|a SCL
|b SCL
|c GEN
|d 2025-09-23
|e Hye Trade International
|g 392.00
|l 0
|o 823.095492 WAL
|p 3020044885
|r 2025-09-23
|t 5
|v 784.00
|w 2025-09-23
|y BK
|x Requisitioned by Tahseen H. Ali, PhD (Assistant Professor and Assistant Dean, RS School of General Education, BRAC University) for the course named- "Emergence of Bangladesh (EMB 101)"
|